00594 2200193 4500001002100000008004100021035002000062245010700082100002500189250001000214260004300224300002400267020002200291084001700313520001200330082001100342650003600353990001100389INLIS000000000014818 ind  a0010-1022000136 aMenjadi Orang Tua yang Istimewa bagi Anak Berkebutuhanh KhususcNuruddin El-Batanji;editor, Abd.Kholiq aNURUDDIN, El-Batanji acet.1 aYogyakarta :bRelasi Inti Media,c2022 axi, 140 hlmc21 cm. a978-602-9434-88-0 a371.94 NUR m a139-140 a371.94 aPENDIDIKAN. BERKEBUTUHAN KHUSUS a9688 a